Statistics for World War 2 quiz

Click here to take the quiz!

General Stats

  • This quiz has been taken 25 times
  • The average score is 8 of 15

Answer Stats

QuestionAnswer% Correct
Where did the allies land for D-day?Normandy
100%
Who was the leader of the USSR during WW2?Joseph Stalin
91%
How did Hitler die?Suicide
91%
Who was the Prime minister during WW2?Winston Churchill
91%
What Allience was Germany in?Axis powers
87%
What 2 German countries were born from the ashes of Nazi Germany?East Germany and West Germany
87%
What were the names of the two nukes that were dropped on Japan?Fat man and little boy
74%
What was the fastest country to surrender to Germany?Denmark
52%
Which country committed the most war crimes in WW2?Japan
39%
Which country was the protectorate of Italy during WW2Albania
26%
What did Germany demand from Poland in 1939?Danzig
26%
What was operation did the allies invade sicily called?Operation Husky
26%
Which one is Italy's flag during WW2?
22%
How many people died during WW2?75 million
22%
How many allies did Germany have during WW2?7
13%

Score Distribution

Percentile by Number Answered

Percent of People with Each Score

Your Score History

You have not taken this quiz